Literary Works by Mug Quiz Stats

Quiz Updated Sep 8, 2016

Challenge
Share
Tweet
Score 0/20 Timer 04:00
0 Plays Today
% Correct
The Cat in the Hat
92.2%
Charlie and the Chocolate Factory
89.8%
Alice's Adventures in Wonderland
88.5%
Moby-Dick; or, The Whale
87.3%
Harry Potter Series
87.3%
The Lord of the Rings Series
82.4%
Nineteen Eighty-Four
82%
Fifty Shades Series
77%
A Clockwork Orange
75.8%
The Raven
75.2%
% Correct
A Song of Ice and Fire Series
74.8%
Don Quixote
62.6%
The Little Prince
61.8%
The Da Vinci Code
56%
Lord of the Flies
54.3%
The Shining
53.5%
The Hitchhiker's Guide to the Galaxy
34.5%
The Catcher in the Rye
21.7%
Slaughterhouse-Five
20.9%
One Flew Over the Cuckoo's Nest
20.5%

You're not logged in!

Compare scores with friends on all Sporcle quizzes.
Join for Free
OR
Log In

You Might Also Like...

Show Comments

Extras

Top Quizzes Today


Score Distribution

Your Account Isn't Verified!

In order to create a playlist on Sporcle, you need to verify the email address you used during registration. Go to your Sporcle Settings to finish the process.

Report this User

Report this user for behavior that violates our Community Guidelines.

Details: